<?xml version="1.0" encoding="UTF-8"?>
<record
    xmlns:xsi="http://www.w3.org/2001/XMLSchema-instance"
    xsi:schemaLocation="http://www.loc.gov/MARC21/slim http://www.loc.gov/standards/marcxml/schema/MARC21slim.xsd"
    xmlns="http://www.loc.gov/MARC21/slim">

  <leader>01647cam a2200361 a 4500</leader>
  <controlfield tag="001">12798377</controlfield>
  <controlfield tag="005">20210414113848.0</controlfield>
  <controlfield tag="008">020601s2003    cou      b    001 0 eng  </controlfield>
  <datafield tag="010" ind1=" " ind2=" ">
    <subfield code="a">  2002075157</subfield>
  </datafield>
  <datafield tag="020" ind1=" " ind2=" ">
    <subfield code="a">1588261026 (hc : alk. paper)</subfield>
  </datafield>
  <datafield tag="020" ind1=" " ind2=" ">
    <subfield code="a">1588261271 (pb : alk. paper)</subfield>
  </datafield>
  <datafield tag="040" ind1=" " ind2=" ">
    <subfield code="a">DLC</subfield>
    <subfield code="c">DLC</subfield>
    <subfield code="d">DLC</subfield>
  </datafield>
  <datafield tag="043" ind1=" " ind2=" ">
    <subfield code="a">fs-----</subfield>
  </datafield>
  <datafield tag="050" ind1="0" ind2="0">
    <subfield code="a">DT1182.F76 </subfield>
  </datafield>
  <datafield tag="082" ind1="0" ind2="0">
    <subfield code="a">968.06/4</subfield>
    <subfield code="2">21</subfield>
  </datafield>
  <datafield tag="245" ind1="0" ind2="0">
    <subfield code="a">From Cape to Congo :</subfield>
    <subfield code="b">Southern Africa's evolving security challenges /</subfield>
    <subfield code="c">edited by Mwesiga Baregu, Christopher Landsberg.</subfield>
  </datafield>
  <datafield tag="260" ind1=" " ind2=" ">
    <subfield code="a">Boulder, Colo. :</subfield>
    <subfield code="b">L. Rienner,</subfield>
    <subfield code="c">2003.</subfield>
  </datafield>
  <datafield tag="300" ind1=" " ind2=" ">
    <subfield code="a">x, 403 p. ;</subfield>
    <subfield code="c">24 cm.</subfield>
  </datafield>
  <datafield tag="500" ind1=" " ind2=" ">
    <subfield code="a">"A project of the International Peace Academy."</subfield>
  </datafield>
  <datafield tag="504" ind1=" " ind2=" ">
    <subfield code="a">Includes bibliographical references and index.</subfield>
  </datafield>
  <datafield tag="505" ind1=" " ind2=" ">
    <subfield code="a">Contents: Southern Africa's security challenges -- National and regional actors -- Extraregional actors -- Conclusion.</subfield>
  </datafield>
  <datafield tag="650" ind1=" " ind2="0">
    <subfield code="a">National security</subfield>
    <subfield code="z">Africa, Southern</subfield>
    <subfield code="v">Congresses.</subfield>
  </datafield>
  <datafield tag="651" ind1=" " ind2="0">
    <subfield code="a">Africa, Southern</subfield>
    <subfield code="x">Politics and government</subfield>
    <subfield code="y">1994-</subfield>
    <subfield code="v">Congresses.</subfield>
  </datafield>
  <datafield tag="651" ind1=" " ind2="0">
    <subfield code="a">Africa, Southern</subfield>
    <subfield code="x">Economic conditions</subfield>
    <subfield code="y">1994-</subfield>
    <subfield code="v">Congresses.</subfield>
  </datafield>
  <datafield tag="651" ind1=" " ind2="0">
    <subfield code="a">Africa, Southern</subfield>
    <subfield code="x">Social conditions</subfield>
    <subfield code="y">1994-</subfield>
    <subfield code="v">Congresses.</subfield>
  </datafield>
  <datafield tag="700" ind1="1" ind2=" ">
    <subfield code="a">Baregu, Mwesiga Laurent.</subfield>
  </datafield>
  <datafield tag="700" ind1="1" ind2=" ">
    <subfield code="a">Landsberg, Chris.</subfield>
  </datafield>
  <datafield tag="710" ind1="2" ind2=" ">
    <subfield code="a">International Peace Academy.</subfield>
  </datafield>
  <datafield tag="856" ind1="4" ind2="1">
    <subfield code="3">Table of contents</subfield>
    <subfield code="u">http://www.loc.gov/catdir/toc/fy036/2002075157.html</subfield>
  </datafield>
  <datafield tag="906" ind1=" " ind2=" ">
    <subfield code="a">7</subfield>
    <subfield code="b">cbc</subfield>
    <subfield code="c">orignew</subfield>
    <subfield code="d">1</subfield>
    <subfield code="e">ocip</subfield>
    <subfield code="f">20</subfield>
    <subfield code="g">y-gencatlg</subfield>
  </datafield>
  <datafield tag="942" ind1=" " ind2=" ">
    <subfield code="2">lcc</subfield>
    <subfield code="c">BK</subfield>
  </datafield>
  <datafield tag="999" ind1=" " ind2=" ">
    <subfield code="c">148</subfield>
    <subfield code="d">7648</subfield>
  </datafield>
  <datafield tag="952" ind1=" " ind2=" ">
    <subfield code="0">0</subfield>
    <subfield code="1">0</subfield>
    <subfield code="2">lcc</subfield>
    <subfield code="4">0</subfield>
    <subfield code="7">0</subfield>
    <subfield code="a">WIUC-1</subfield>
    <subfield code="b">WIUC-1</subfield>
    <subfield code="c">GEN</subfield>
    <subfield code="d">2011-10-03</subfield>
    <subfield code="l">0</subfield>
    <subfield code="o">DT1182.F76</subfield>
    <subfield code="p">340/11</subfield>
    <subfield code="r">2011-10-03 00:00:00</subfield>
    <subfield code="t">1</subfield>
    <subfield code="w">2011-10-03</subfield>
    <subfield code="y">BK</subfield>
  </datafield>
  <datafield tag="952" ind1=" " ind2=" ">
    <subfield code="0">0</subfield>
    <subfield code="1">0</subfield>
    <subfield code="2">lcc</subfield>
    <subfield code="4">0</subfield>
    <subfield code="7">0</subfield>
    <subfield code="a">WIUC-1</subfield>
    <subfield code="b">WIUC-1</subfield>
    <subfield code="c">GEN</subfield>
    <subfield code="d">2011-10-03</subfield>
    <subfield code="l">0</subfield>
    <subfield code="o">DT1182.F761</subfield>
    <subfield code="p">341/11</subfield>
    <subfield code="r">2011-10-03 00:00:00</subfield>
    <subfield code="t">2</subfield>
    <subfield code="w">2011-10-03</subfield>
    <subfield code="y">BK</subfield>
  </datafield>
  <datafield tag="952" ind1=" " ind2=" ">
    <subfield code="0">0</subfield>
    <subfield code="1">0</subfield>
    <subfield code="2">lcc</subfield>
    <subfield code="4">0</subfield>
    <subfield code="7">0</subfield>
    <subfield code="a">WIUC-1</subfield>
    <subfield code="b">WIUC-1</subfield>
    <subfield code="c">GEN</subfield>
    <subfield code="d">2011-10-03</subfield>
    <subfield code="l">0</subfield>
    <subfield code="o">DT1182.F762</subfield>
    <subfield code="p">342/11</subfield>
    <subfield code="r">2011-10-03 00:00:00</subfield>
    <subfield code="t">3</subfield>
    <subfield code="w">2011-10-03</subfield>
    <subfield code="y">BK</subfield>
  </datafield>
  <datafield tag="952" ind1=" " ind2=" ">
    <subfield code="0">0</subfield>
    <subfield code="1">0</subfield>
    <subfield code="2">lcc</subfield>
    <subfield code="4">0</subfield>
    <subfield code="7">0</subfield>
    <subfield code="a">WIUC-1</subfield>
    <subfield code="b">WIUC-1</subfield>
    <subfield code="c">GEN</subfield>
    <subfield code="d">2011-10-03</subfield>
    <subfield code="l">0</subfield>
    <subfield code="o">DT1182.F763</subfield>
    <subfield code="p">343/11</subfield>
    <subfield code="r">2011-10-03 00:00:00</subfield>
    <subfield code="t">4</subfield>
    <subfield code="w">2011-10-03</subfield>
    <subfield code="y">BK</subfield>
  </datafield>
  <datafield tag="952" ind1=" " ind2=" ">
    <subfield code="0">0</subfield>
    <subfield code="1">0</subfield>
    <subfield code="2">lcc</subfield>
    <subfield code="4">0</subfield>
    <subfield code="7">0</subfield>
    <subfield code="a">WIUC-1</subfield>
    <subfield code="b">WIUC-1</subfield>
    <subfield code="c">GEN</subfield>
    <subfield code="d">2011-10-03</subfield>
    <subfield code="l">0</subfield>
    <subfield code="o">DT1182.F764</subfield>
    <subfield code="p">344/11</subfield>
    <subfield code="r">2011-10-03 00:00:00</subfield>
    <subfield code="t">5</subfield>
    <subfield code="w">2011-10-03</subfield>
    <subfield code="y">BK</subfield>
  </datafield>
  <datafield tag="952" ind1=" " ind2=" ">
    <subfield code="0">0</subfield>
    <subfield code="1">0</subfield>
    <subfield code="2">lcc</subfield>
    <subfield code="4">0</subfield>
    <subfield code="7">0</subfield>
    <subfield code="a">WIUC-1</subfield>
    <subfield code="b">WIUC-1</subfield>
    <subfield code="c">GEN</subfield>
    <subfield code="d">2011-10-03</subfield>
    <subfield code="l">0</subfield>
    <subfield code="o">DT1182.F765</subfield>
    <subfield code="p">345/11</subfield>
    <subfield code="r">2011-10-03 00:00:00</subfield>
    <subfield code="t">6</subfield>
    <subfield code="w">2011-10-03</subfield>
    <subfield code="y">BK</subfield>
  </datafield>
  <datafield tag="952" ind1=" " ind2=" ">
    <subfield code="0">0</subfield>
    <subfield code="1">0</subfield>
    <subfield code="2">lcc</subfield>
    <subfield code="4">0</subfield>
    <subfield code="7">0</subfield>
    <subfield code="a">WIUC-1</subfield>
    <subfield code="b">WIUC-1</subfield>
    <subfield code="c">GEN</subfield>
    <subfield code="d">2011-10-03</subfield>
    <subfield code="l">0</subfield>
    <subfield code="o">DT1182.F766</subfield>
    <subfield code="p">346/11</subfield>
    <subfield code="r">2011-10-03 00:00:00</subfield>
    <subfield code="t">7</subfield>
    <subfield code="w">2011-10-03</subfield>
    <subfield code="y">BK</subfield>
  </datafield>
  <datafield tag="952" ind1=" " ind2=" ">
    <subfield code="0">0</subfield>
    <subfield code="1">0</subfield>
    <subfield code="2">lcc</subfield>
    <subfield code="4">0</subfield>
    <subfield code="7">0</subfield>
    <subfield code="a">WIUC-1</subfield>
    <subfield code="b">WIUC-1</subfield>
    <subfield code="c">GEN</subfield>
    <subfield code="d">2011-10-03</subfield>
    <subfield code="l">0</subfield>
    <subfield code="o">DT1182.F767</subfield>
    <subfield code="p">347/11</subfield>
    <subfield code="r">2011-10-03 00:00:00</subfield>
    <subfield code="t">8</subfield>
    <subfield code="w">2011-10-03</subfield>
    <subfield code="y">BK</subfield>
  </datafield>
  <datafield tag="952" ind1=" " ind2=" ">
    <subfield code="0">0</subfield>
    <subfield code="1">0</subfield>
    <subfield code="2">lcc</subfield>
    <subfield code="4">0</subfield>
    <subfield code="7">0</subfield>
    <subfield code="a">WIUC-1</subfield>
    <subfield code="b">WIUC-1</subfield>
    <subfield code="c">GEN</subfield>
    <subfield code="d">2011-10-03</subfield>
    <subfield code="l">0</subfield>
    <subfield code="o">DT1182.F768</subfield>
    <subfield code="p">348/11</subfield>
    <subfield code="r">2011-10-03 00:00:00</subfield>
    <subfield code="t">9</subfield>
    <subfield code="w">2011-10-03</subfield>
    <subfield code="y">BK</subfield>
  </datafield>
  <datafield tag="952" ind1=" " ind2=" ">
    <subfield code="0">0</subfield>
    <subfield code="1">0</subfield>
    <subfield code="2">lcc</subfield>
    <subfield code="4">0</subfield>
    <subfield code="7">0</subfield>
    <subfield code="a">WIUC-1</subfield>
    <subfield code="b">WIUC-1</subfield>
    <subfield code="c">GEN</subfield>
    <subfield code="d">2011-10-03</subfield>
    <subfield code="l">0</subfield>
    <subfield code="o">DT1182.F769</subfield>
    <subfield code="p">349/11</subfield>
    <subfield code="r">2011-10-03 00:00:00</subfield>
    <subfield code="t">10</subfield>
    <subfield code="w">2011-10-03</subfield>
    <subfield code="y">BK</subfield>
  </datafield>
</record>
